000 00777nam a2200241Ia 4500
003 OSt
005 20220925174300.0
006 a|||||r|||| 00| 0
007 ta
008 220923b |||||||| |||| 00| 0 eng d
020 _cRs 80.00
037 _b389dt, 02/12/1985, BD
_cGeneral Book
040 _aRTL
_cRTL
_beng
041 _2eng
_aeng
082 _aX9(F4).275.M00<--L57, M5
100 _aBarui Balai
_9246450
245 0 _aSalt industry of Bengal 1757-1800
_b A study in the
260 _aCalcutta
_bK P Bagchi India
_c1985
300 _a175p. Bib p. 167-70 Glossary p. 164-66
_ccm.
650 _aSalt Industry
_9245868
942 _hX9(F4).275.M00<--L57, M5
_cGB
_2CC
999 _c490515
_d490515